[Event "Thessaloniki ol (Men)"]
[Site "Thessaloniki"]
[Date "1988.??.??"]
[Round "11"]
[White "Wirthensohn, Heinz"]
[Black "Lim, Mark"]
[Result "1-0"]
[WhiteElo "2385"]
[BlackElo "2205"]

1.Nf3 Nf6 2.c4 e6 3.g3 b6 4.Bg2 Bb7 5.O-O c5 6.Nc3 Be7 7.Re1 d5 8.Ne5 O-O
9.d4 Nbd7 10.cxd5 Nxd5 11.Nxd5 exd5 12.Bf4 Nxe5 13.Bxe5 c4 14.b3 Bb4 15.Rf1 Qd7
16.bxc4 dxc4 17.d5 Rfd8 18.e4 b5 19.Qc2 Rac8 20.Bxg7 Be7 21.Bd4 Ba8 22.Qd2 b4
23.Qh6 Qg4 24.Bh3 Qg6 25.Qxg6+ hxg6 26.Bxc8 Rxc8 27.Bxa7 c3 28.Rac1 Bb7 29.Rc2 Ba6
30.Rd1 Bc4 31.d6 Bd8 32.Rd4 Kf8 33.d7 Rc6 34.Bb8 Ke7 35.e5 Ba5 36.d8=Q+ Bxd8
37.Bd6+ Ke6 38.Bxb4 Bb6 39.Rf4  1-0

[Event "CSR-ch+"]
[Site "Trinec"]
[Date "1988.??.??"]
[Round "2"]
[White "Lechtynsky, Jiri"]
[Black "Jurek, Josef"]
[Result "0-1"]
[WhiteElo "2455"]
[BlackElo "2390"]

1.Nf3 Nf6 2.c4 b6 3.g3 c5 4.Bg2 Bb7 5.O-O e6 6.d4 cxd4 7.Qxd4 Be7 8.Nc3 d6
9.Rd1 a6 10.b3 Nbd7 11.e4 Qc8 12.Bb2 O-O 13.Qe3 Qc7 14.Nd4 Rfe8 15.h3 Bf8
16.Rac1 Rad8 17.Rc2 Qb8 18.Re2 g6 19.Qc1 Bg7 20.Qa1 Qa8 21.Nc2 Nc5 22.b4 Ncd7
23.Ne3 Ne5 24.f4 Ned7 25.a3 Nh5 26.Kh2 Qb8 27.Red2 Ndf6 28.e5 dxe5 29.Rxd8 Rxd8
30.Rxd8+ Qxd8 31.Bxb7 exf4 32.Ng2 fxg3+ 33.Kh1 Qd7 34.Bf3 e5 35.Qd1 Qxh3+
36.Kg1 Nf4 37.Qd8+ Bf8 38.Qxb6 Ng4 39.Nxf4 exf4 40.Nd5 Qh2+ 41.Kf1 Qxb2 42.Bxg4 Qc1+
43.Kg2 Qxc4 44.Bf3 Qa2+ 45.Kg1 Qa1+ 46.Kg2 Qa2+ 47.Kg1 Qa1+ 48.Kg2 Qb2+ 49.Kg1 Qb1+
50.Kg2 Qb2+ 51.Kg1 Qb1+ 52.Kg2 Qc2+ 53.Kg1 Qc1+ 54.Kg2 Qc2+ 55.Kg1 Qc1+ 56.Kg2 Qd2+
57.Kg1 Qe1+ 58.Kg2 Qd2+ 59.Kg1 h5 60.Nf6+ Kg7 61.Ne4 Qc1+ 62.Kg2 Qb2+ 63.Kg1 h4
64.Qc7 h3 65.Qc3+ Qxc3 66.Nxc3 f5 67.Ne2 g5 68.Bb7 a5 69.bxa5 Bxa3 70.a6 Bc5+
71.Kh1 Kf6 72.Nc1 g2+ 73.Bxg2 hxg2+ 74.Kxg2 g4 75.Nd3 f3+ 76.Kg3 Ba7 77.Kh2 Kg5
78.Ne5 Bb8  0-1

[Event "Warsaw"]
[Site "Warsaw"]
[Date "1988.??.??"]
[Round "12"]
[White "Baumbach, Friedrich"]
[Black "Zielinski, Marek"]
[Result "1/2-1/2"]
[WhiteElo "2315"]
[BlackElo "2395"]

1.c4 c5 2.Nf3 Nf6 3.g3 b6 4.Bg2 Bb7 5.O-O e6 6.Nc3 a6 7.b3 d6 8.Bb2 Be7 9.d4 cxd4
10.Nxd4 Bxg2 11.Kxg2 O-O 12.e3 Ra7 13.Qf3 Qc8 14.Rfd1  1/2-1/2

[Event "ARG-ch"]
[Site "?"]
[Date "1989.??.??"]
[Round "17"]
[White "Needleman, Alejandro"]
[Black "Servat, Roberto"]
[Result "1/2-1/2"]
[WhiteElo "2280"]
[BlackElo "2445"]

1.Nf3 Nf6 2.c4 c5 3.g3 b6 4.Bg2 Bb7 5.O-O e6 6.Nc3 Be7 7.d4 cxd4 8.Qxd4 Nc6
9.Qf4 O-O 10.Rd1 Qc8 11.b3 Rd8 12.Bb2 Qb8 13.Qxb8  1/2-1/2

[Event "EU-ch U20"]
[Site "Arnhem"]
[Date "1989.??.??"]
[Round "?"]
[White "Stangl, Markus"]
[Black "Stefansson, Hannes"]
[Result "1/2-1/2"]
[WhiteElo "2375"]
[BlackElo "2470"]

1.Nf3 Nf6 2.c4 e6 3.g3 b6 4.Bg2 Bb7 5.O-O c5 6.Nc3 a6 7.d4 cxd4 8.Qxd4 Nc6
9.Qf4 Be7 10.Rd1 O-O 11.b3 Na5 12.Bb2 Qb8 13.Qxb8 Raxb8 14.Nd4 Rfd8 15.Rac1 Kf8
16.e4 Ne8 17.Rc2 Nc7 18.Rcd2 Ke8 19.Re1 f6 20.Bf1 Nc6 21.Nc2 Ba8 22.Nd5 exd5
23.exd5 Ne6 24.Bg2 Nb4 25.dxe6 dxe6 26.Rxd8+ Rxd8 27.Nxb4 Bxb4 28.Rxe6+ Kf7
29.Re2 Rd1+ 30.Bf1 Bf3 31.Re3 Bg4 32.Kg2 Bf5 33.Bc3 Bc5 34.Re1 Rxe1 35.Bxe1 a5
36.Be2 Bb1 37.Bd1 Bxa2 38.Bc2 a4 39.b4 Bb3 40.bxc5 Bxc2 41.cxb6 Ke6 42.Kf3 Kd6
43.Bb4+ Kc6 44.Bf8 g6 45.Be7 Kxb6 46.Kf4 h5 47.Bxf6  1/2-1/2

[Event "AUT-ch"]
[Site "?"]
[Date "1989.??.??"]
[Round "3"]
[White "Hoelzl, Franz"]
[Black "Klinger, Josef"]
[Result "0-1"]
[WhiteElo "2350"]
[BlackElo "2475"]

1.c4 c5 2.Nf3 e6 3.g3 b6 4.Bg2 Bb7 5.O-O Nf6 6.Nc3 a6 7.d4 cxd4 8.Qxd4 d6
9.Rd1 Be7 10.b3 Nbd7 11.Qe3 O-O 12.Nd4 Bxg2 13.Kxg2 Rc8 14.f4 Qc7 15.Bb2 Rfe8
16.Qf3 Bf8 17.e3 Nc5 18.Rd2 g6 19.Rad1 Bg7 20.Nde2 Red8 21.g4 Qb8 22.Ng3 Ne8
23.g5 b5 24.cxb5 axb5 25.Nce4 Nxe4 26.Nxe4 Bxb2 27.Rxb2 Kg7 28.h4 Qb6 29.h5 d5
30.Nf2 Rc3 31.Re2 Nd6 32.hxg6 Nf5 33.Qh3 hxg6 34.Rh1 Rxe3 35.Qh7+ Kf8 36.Qh8+ Ke7
37.Qf6+ Kd6 38.Rxe3 Nxe3+ 39.Kf3 Nf5 40.Qe5+ Kc6 41.Nd3 Kb7 42.Rh7 Rd7 43.b4 Qg1
44.Nc5+ Kc6 45.Ke2 Nd4+ 46.Kd3 Qd1+ 47.Kc3 Ne2+ 48.Kb2 Qd2+  0-1

[Event "AUT-chT"]
[Site "?"]
[Date "1989.??.??"]
[Round "?"]
[White "Fauland, Alexander"]
[Black "Klinger, Josef"]
[Result "0-1"]
[WhiteElo "2450"]
[BlackElo "2475"]

1.Nf3 c5 2.g3 b6 3.Bg2 Bb7 4.c4 Nf6 5.O-O e6 6.b3 Be7 7.Bb2 O-O 8.Nc3 d6
9.e3 Nbd7 10.Qe2 Qc7 11.Rfd1 Rac8 12.d4 cxd4 13.Rxd4 a6 14.Rad1 Qb8 15.Ne1 Rfd8
16.f4 Ne8 17.R4d2 Bxg2 18.Kxg2 Bf6 19.Ne4 Bxb2 20.Rxb2 b5 21.cxb5 axb5 22.Rd4 Ndf6
23.Nxf6+ Nxf6 24.Nf3 Qb7 25.Qd3 Qb6 26.Nd2 Nd5 27.Nf1 Rc3 28.Qd2 Qc6 29.Kg1 Nf6
30.Qg2 d5 31.Qe2 Qc5 32.a4 b4 33.Qb5 Qc7 34.Rxb4 Rc1 35.Qb6 Rxf1+  0-1

[Event "AUT-chT"]
[Site "?"]
[Date "1989.??.??"]
[Round "?"]
[White "Eisterer, Heinrich"]
[Black "Klinger, Josef"]
[Result "1-0"]
[WhiteElo "2300"]
[BlackElo "2475"]

1.Nf3 c5 2.g3 b6 3.Bg2 Bb7 4.c4 Nf6 5.O-O e6 6.b3 Be7 7.Bb2 O-O 8.e3 d6 9.d3 Nbd7
10.Nc3 a6 11.e4 Qc7 12.Ne1 Ne5 13.f4 Nc6 14.Nc2 Rad8 15.Ne2 b5 16.Ne3 Qb6
17.f5 e5 18.Nd5 Nxd5 19.exd5 Nd4 20.Nxd4 cxd4 21.f6 Bxf6 22.Rxf6 gxf6 23.Qh5 f5
24.Qg5+ Kh8 25.Qf6+ Kg8 26.Qg5+ Kh8 27.Qf6+ Kg8 28.Rf1 Bc8 29.Bc1 f4 30.Qg5+ Kh8
31.Qf6+ Kg8 32.gxf4 Rde8 33.Qg5+ Kh8 34.Qf6+ Kg8 35.Rf3 Bg4 36.Qg5+ Kh8 37.Qf6+ Kg8
38.Rg3 h5 39.f5 Qd8 40.Qxd8 Rxd8 41.h3 f6 42.hxg4 hxg4 43.Bh6 Rf7 44.Rxg4+ Kh8
45.Kf2 b4 46.Bf3 a5 47.Rg6 Ra8 48.Bd1 Raa7 49.Kf3 Ra8 50.Kg4 Rg8 51.c5 Rxg6+
52.fxg6 f5+ 53.Kf3 Rf6 54.c6 Rxg6 55.Bf8 Kg8 56.Bxd6 Kf7 57.Bxe5 Ke8 58.Kf4 Rg2
59.d6  1-0

[Event "Bad Woerishofen op"]
[Site "Bad Woerishofen"]
[Date "1989.??.??"]
[Round "?"]
[White "Wells, Peter K"]
[Black "Bischoff, Klaus"]
[Result "0-1"]
[WhiteElo "2410"]
[BlackElo "2505"]

1.Nf3 Nf6 2.c4 b6 3.g3 c5 4.Bg2 Bb7 5.O-O e6 6.Nc3 a6 7.Re1 d6 8.e4 Nbd7
9.d4 cxd4 10.Nxd4 Qc7 11.Nd5 exd5 12.exd5+ Kd8 13.Bf4 Ne5 14.Bxe5 dxe5 15.d6 Qd7
16.Bxb7 Qxb7 17.Rxe5 Rc8 18.Nf5 Rc5 19.Rxc5 bxc5 20.Qd2 Ne4 21.Qf4 g6 22.Ne7 Bg7
23.Rd1 f5 24.f3 Bd4+ 25.Rxd4 cxd4 26.Qe5 Re8 27.fxe4 Qxe4 28.Qa5+ Kd7 29.Qc7+ Ke6
30.c5 d3 31.d7 Qd4+ 32.Kf1 Qxd7  0-1

[Event "Belgrade op"]
[Site "Belgrade"]
[Date "1989.??.??"]
[Round "9"]
[White "Kostic, V Vladimir"]
[Black "Mijailovic, Zoran"]
[Result "1/2-1/2"]
[WhiteElo "2325"]
[BlackElo "2325"]

1.Nf3 Nf6 2.g3 b6 3.Bg2 Bb7 4.O-O e6 5.c4 c5 6.Nc3 d6 7.d4 cxd4 8.Qxd4 a6
9.e4 Nbd7 10.Qe3 Be7 11.b3 O-O 12.Re1 Qc7 13.Bb2 Rfe8 14.h3 Rad8 15.Rad1 Qb8
16.Nd4 Bf8 17.Nc2 Rc8 18.Qd2 Qa8 19.Nd4 Nc5 20.f3 Qb8 21.Kh2 h5 22.h4 Ncd7
23.Nde2 Ba8 24.Nf4 Ne5 25.Rc1 Rcd8 26.Nd1 g6 27.Ne3 Rc8 28.Nd3 Ned7 29.Rc2 Bg7
30.Rd1 Red8 31.Qf2 Nc5 32.Rcd2 Qc7 33.Qe2 Qe7 34.Kg1 Bh6 35.Nxc5 dxc5 36.Be5 Ne8
37.f4 Bg7 38.Bxg7 Nxg7 39.e5 Rxd2 40.Qxd2 Bxg2 41.Kxg2 Qb7+ 42.Kh2 b5 43.Qd7 Rc7
44.Qd8+ Kh7 45.Qf8 Rc8 46.Qd6 bxc4  1/2-1/2

[Event "Benidorm op"]
[Site "Benidorm"]
[Date "1989.??.??"]
[Round "?"]
[White "Deltell, N."]
[Black "Estremera Panos, Sergio"]
[Result "1-0"]
[WhiteElo "2200"]
[BlackElo "2315"]

1.Nf3 Nf6 2.c4 c5 3.g3 b6 4.Bg2 Bb7 5.O-O e6 6.b3 Be7 7.Bb2 O-O 8.Nc3 d6
9.Re1 Nbd7 10.e4 a6 11.a4 Qc7 12.h3 Rad8 13.Qb1 Ne5 14.Nh2 Nc6 15.Ne2 Rfe8
16.f4 Nb4 17.d3 Nd7 18.Ng4 d5 19.Bc3 dxc4 20.dxc4 Nf8 21.Nc1 Ng6 22.Qb2 Bf8
23.Qe2 Qd7 24.Nf2 Bc6 25.h4 Ne7 26.Rd1 Qb7 27.Ncd3 f6 28.Bh3 Nc8 29.Nxb4 Rxd1+
30.Rxd1 cxb4 31.Bd4 Nd6 32.Re1 Nf7 33.Qe3 b5 34.axb5 axb5 35.cxb5 Qxb5 36.Bf1 Qb7
37.Bc4 Nd6 38.Bd3 Nb5 39.Bc5 Bxc5 40.Qxc5 Nc3 41.Ra1 Nxe4 42.Bxe4 Bxe4 43.Ra7 Qc6
44.Nxe4 Qxe4 45.Qc7 Qg6 46.f5 exf5 47.h5  1-0

[Event "Bern"]
[Site "Bern"]
[Date "1989.??.??"]
[Round "?"]
[White "Landenbergue, Claude"]
[Black "Jukic, Mirko"]
[Result "1/2-1/2"]
[WhiteElo "2350"]
[BlackElo "2475"]

1.Nf3 c5 2.g3 b6 3.Bg2 Bb7 4.O-O Nf6 5.c4 e6 6.b3 d6 7.Nc3 a6 8.Bb2 Nbd7
9.e3 Ra7 10.d4 Qa8 11.Qe2 Be7 12.d5 exd5 13.Nxd5 Nxd5 14.cxd5 O-O 15.e4 Qd8
16.Nd2 Re8  1/2-1/2

[Event "Bern op"]
[Site "Bern"]
[Date "1989.??.??"]
[Round "?"]
[White "Timmer, Robert"]
[Black "Gast, Jonathan"]
[Result "1-0"]
[WhiteElo "2270"]
[BlackElo "2305"]

1.Nf3 Nf6 2.c4 e6 3.g3 b6 4.Bg2 Bb7 5.O-O c5 6.Nc3 Be7 7.d4 cxd4 8.Qxd4 O-O
9.Rd1 d6 10.Ng5 Bxg2 11.Kxg2 Qc7 12.b3 Qc6+ 13.f3 h6 14.Nge4 Nxe4 15.Nxe4 f5
16.Nc3 Bf6 17.Qd3 d5 18.Ba3 dxc4 19.Qe3 Rd8 20.Rxd8+ Bxd8 21.bxc4 Bg5 22.Qd3 Nd7
23.Nb5 Ne5 24.Qd6 Rd8 25.Qxc6 Nxc6 26.Rb1 Bf6 27.Bb2 Rd2 28.Bxf6 gxf6 29.Kf2 Rxa2
30.Rd1 Ne5 31.Rd8+ Kf7 32.Rc8 a6 33.Rc7+ Ke8 34.Nd4 Nd3+ 35.Ke3 Nc5 36.Rc6 Ra3+
37.Kf2 e5 38.Nxf5 Nd7 39.Nxh6 a5 40.Nf5 Rb3 41.h4 e4 42.Re6+ Kf8 43.h5 exf3
44.h6 Rb1 45.h7  1-0

[Event "Biel op"]
[Site "Biel"]
[Date "1989.??.??"]
[Round "1"]
[White "Terreaux, Gilles"]
[Black "Fauland, Alexander"]
[Result "1/2-1/2"]
[WhiteElo "2275"]
[BlackElo "2455"]

1.Nf3 c5 2.g3 b6 3.Bg2 Bb7 4.c4 Nf6 5.O-O e6 6.b3 Be7 7.Bb2 O-O 8.e3 d5 9.Qe2 Nc6
10.Rd1 Rc8 11.Nc3 d4 12.exd4 cxd4 13.Nb5 d3 14.Qf1 Bc5 15.Ne1 a6 16.Na7 Nxa7
17.Bxb7 Rc7 18.Bf3 Rd7 19.Rac1 Re8 20.Be5 Bd4 21.Nxd3 Bxe5 22.Nxe5 Rxd2 23.Qe1 Rxd1
24.Rxd1 Qc7 25.Qe3 Rd8 26.Rd4 Rd6 27.Qd3 Nc8  1/2-1/2

[Event "Biel op"]
[Site "Biel"]
[Date "1989.??.??"]
[Round "3"]
[White "Landenbergue, Claude"]
[Black "Hess, Ralf"]
[Result "0-1"]
[WhiteElo "2345"]
[BlackElo "2295"]

1.Nf3 Nf6 2.c4 e6 3.g3 b6 4.Bg2 Bb7 5.O-O c5 6.b3 Be7 7.Bb2 O-O 8.e3 Qc8
9.Qe2 d5 10.Rd1 Rd8 11.d3 Nbd7 12.Nc3 a6 13.Rac1 b5 14.cxd5 exd5 15.d4 c4
16.bxc4 Qxc4 17.Ne5 Qxe2 18.Nxe2 Rac8 19.Bh3 Rxc1 20.Rxc1 Bd6 21.Bc3 b4 22.Be1 a5
23.Nc6 Ra8 24.Nf4 Rc8 25.Nxd5 Rxc6  0-1

[Event "Spring op"]
[Site "Budapest"]
[Date "1989.??.??"]
[Round "?"]
[White "Vadasz, Laszlo"]
[Black "Karpman, Vadim"]
[Result "0-1"]
[WhiteElo "2310"]
[BlackElo "2480"]

1.Nf3 Nf6 2.c4 b6 3.g3 c5 4.Bg2 Bb7 5.O-O e6 6.Nc3 Be7 7.d4 cxd4 8.Qxd4 d6
9.Rd1 a6 10.b3 Nbd7 11.e4 Qb8 12.Ba3 Nc5 13.e5 dxe5 14.Qxe5 Ncd7 15.Qxb8+ Rxb8
16.Bd6 Bxd6 17.Rxd6 Ke7 18.Rad1 Rhc8 19.Ng5 b5 20.Bxb7 Rxb7 21.Rxa6 bxc4
22.Nce4 Nxe4 23.Nxe4 cxb3 24.axb3 Rcc7 25.Ra8 Rxb3 26.Rg8 g6 27.Kg2 Rb2 28.h4 Rcc2
29.Ra8 Nf6  0-1

[Event "Cannes schev"]
[Site "Cannes"]
[Date "1989.??.??"]
[Round "?"]
[White "Larsen, Bent"]
[Black "Adams, Michael"]
[Result "1/2-1/2"]
[WhiteElo "2580"]
[BlackElo "2495"]

1.Nf3 Nf6 2.c4 b6 3.g3 c5 4.Bg2 Bb7 5.O-O e6 6.Nc3 Be7 7.d4 cxd4 8.Qxd4 O-O
9.Rd1 d6 10.Bg5 Ne8 11.Bxe7 Qxe7 12.Qh4 Qxh4 13.Nxh4 Bxg2 14.Nxg2 Nc6 15.Nb5 Na5
16.Ne3 Nb7 17.Rd3 a6 18.Ra3 f5 19.Rd1 Kf7 20.Nc2 Na5 21.Nxd6+ Nxd6 22.Rxd6 Nxc4
23.Rd7+ Ke8 24.Rxg7 Nxa3 25.Nxa3 Rf7 26.Rg8+ Rf8 27.Rg7 Rc8 28.Ra7 Rf7 29.Rxa6 Rb7
30.b3 Ke7 31.Nc4 b5 32.Ne5 Kf6 33.Nd3 Rbc7 34.b4 Rc6 35.Ra5 Rc2 36.Kf1 Rd8
37.Ra6 Ke7 38.h4 Rd6 39.Ra7+ Rd7 40.Ra5 Kf6 41.f3 h6 42.Ra6 Ke7 43.Nc5 Rd1+
44.Kf2 Rd6 45.Ra7+ Ke8 46.Ra3 Kf7 47.Nd3 Kf6 48.Ke3 Rdc6 49.Ra5 R6c3 50.Rxb5 Rxa2
51.Rb6 Rca3 52.g4 Rc2 53.gxf5 Kxf5 54.Rb8 Kf6 55.Rg8 Raa2 56.Rg2 Kf5 57.h5 e5
58.b5 Rc4 59.b6 Ra8 60.Rg6 e4 61.fxe4+ Rxe4+ 62.Kf3 Rae8 63.Rxh6 Rxe2 64.Nf2 R8e3+
65.Kg2 Rb3  1/2-1/2

[Event "Caorle op"]
[Site "Caorle"]
[Date "1989.??.??"]
[Round "1"]
[White "Velickovic, Zoran"]
[Black "Csonkics, Tunde"]
[Result "1-0"]
[WhiteElo "2000"]
[BlackElo "2290"]

1.Nf3 Nf6 2.g3 b6 3.Bg2 Bb7 4.O-O c5 5.c4 e6 6.b3 Be7 7.Bb2 O-O 8.e3 d5 9.d3 Nc6
10.Qe2 Qc7 11.Nc3 Rfe8 12.e4 d4 13.Nd1 e5 14.Ne1 Nd7 15.f4 a6 16.f5 b5 17.g4 bxc4
18.bxc4 Nd8 19.Bc1 f6 20.h4 Nf7 21.Rf3 Nf8 22.Rg3 h6 23.Nf3 Nh7 24.Nf2 Bc6
25.Nh3 Rf8 26.g5 hxg5 27.hxg5 fxg5 28.Bxg5 Nfxg5 29.Nfxg5 Bxg5 30.Nxg5 Nxg5
31.Rxg5 Rf6 32.Rf1 Be8 33.Rf3 Ra7 34.Rh3 Qb6 35.Qf2 Rh6 36.f6 Qb1+ 37.Kh2  1-0

[Event "Chanac op"]
[Site "Chanac"]
[Date "1989.??.??"]
[Round "?"]
[White "Bricard, Emmanuel"]
[Black "Prie, Eric"]
[Result "1/2-1/2"]
[WhiteElo "2375"]
[BlackElo "2405"]

1.Nf3 Nf6 2.g3 b6 3.Bg2 Bb7 4.c4 c5 5.O-O e6 6.Nc3 d6 7.b3 a6 8.Bb2 Be7 9.e3 O-O
10.Qe2 Nbd7 11.d3 Qc7 12.Ne1 Bxg2 13.Nxg2 Qb7 14.f4 b5 15.g4 bxc4 16.dxc4 Ne4
17.Qf3 f5 18.Rad1 Ndf6 19.g5  1/2-1/2

[Event "Cheliabinsk"]
[Site "Cheliabinsk"]
[Date "1989.??.??"]
[Round "?"]
[White "Galliamova, Alisa"]
[Black "Arsovic, Zoran"]
[Result "1/2-1/2"]
[WhiteElo "2370"]
[BlackElo "2380"]

1.Nf3 c5 2.c4 Nf6 3.g3 b6 4.Bg2 Bb7 5.O-O e6 6.b3 a6 7.Bb2 Be7 8.d3 O-O 9.e4 d6
10.Ne1 Nc6 11.f4 Ne8 12.Nc2 b5 13.Nc3 Bf6 14.g4 Nd4 15.g5 Nxc2 16.Qxc2 Bd4+
17.Kh1 bxc4 18.dxc4 e5 19.Qd2 exf4 20.Qxf4 Nc7 21.h4 Ne6 22.Qg4 Be5 23.Rab1 Bc8
24.Nd5 Nd4 25.Qh5 Be6 26.Nf4 Qd7 27.Nxe6 Qxe6 28.Qd1 h6 29.Bc1 hxg5 30.Bxg5 Qg6
31.Qd3 f6 32.Bf4 Rae8 33.b4 Qg4 34.Qh3 Qxh3+ 35.Bxh3 Ne2 36.Bxe5 Rxe5 37.Kg2 Rxe4
38.Bf5 Rxh4 39.bxc5 dxc5 40.Rb6 Nd4 41.Bh3 Ra8 42.Re1 Ra7 43.Bc8 a5 44.Bb7 Kf7
45.a4 Rh8 46.Kg3 g5 47.Bd5+ Kg7 48.Bb7 Rf8 49.Kg4 Rf7 50.Bd5 Rf8 51.Bb7 Rf7
52.Bd5 Rae7 53.Rxe7 Rxe7 54.Ra6 Kg6 55.Rxa5 f5+ 56.Kg3 Nb3 57.Ra8 Re3+ 58.Kf2 f4
59.a5 g4 60.a6 g3+ 61.Kg2 Re2+ 62.Kf3 Rf2+ 63.Ke4 g2 64.a7 Ra2 65.Rg8+ Kh7
66.Rxg2 Rxa7 67.Kxf4 Ra6 68.Ke5 Rb6 69.Rb2 Kg7 70.Be6 Kf8 71.Bd7 Na5 72.Rf2+ Ke7
73.Bb5 Nb7 74.Rh2 Re6+ 75.Kd5 Rd6+ 76.Ke4 Re6+ 77.Kd3 Kd6  1/2-1/2

[Event "Cheliabinsk"]
[Site "Cheliabinsk"]
[Date "1989.??.??"]
[Round "?"]
[White "Galliamova, Alisa"]
[Black "Kholmov, Ratmir D"]
[Result "1/2-1/2"]
[WhiteElo "2370"]
[BlackElo "2480"]

1.Nf3 Nf6 2.c4 e6 3.g3 b6 4.Bg2 Bb7 5.O-O c5 6.b3 Be7 7.Bb2 O-O 8.e3 d5 9.Qe2 a5
10.Rd1 a4 11.Na3 Nc6 12.d4 axb3 13.axb3 Qb8 14.cxd5 exd5 15.dxc5 bxc5 16.Nh4 Bc8
17.Qc2 Rd8 18.Nf5 Bxf5 19.Qxf5 Qxb3 20.Rdb1 g6 21.Qf4 Qa4 22.Nc4 Qxc4 23.Qxc4 dxc4
24.Bxc6 Rxa1 25.Bxa1 Nd5 26.Kf1 c3 27.Bxd5 c2 28.Rc1 Rxd5 29.Ke2 f5 30.Rxc2 Kf7
31.Ra2 Ke6 32.f3 Rd6 33.e4 fxe4 34.fxe4 Rb6 35.Kd3 h5 36.Bc3 Bf6 37.Bxf6 Kxf6
38.Kc4 Rb4+ 39.Kxc5 Rxe4 40.Kd5 Re1 41.Rf2+ Kg5 42.Rf4 Re2 43.h4+ Kh6 44.Rf3  1/2-1/2

[Event "Copenhagen op"]
[Site "Copenhagen"]
[Date "1989.??.??"]
[Round "2"]
[White "Karlsson, Lars"]
[Black "Kruszynski, Wlodzimierz"]
[Result "1-0"]
[WhiteElo "2515"]
[BlackElo "2370"]

1.Nf3 Nf6 2.g3 b6 3.Bg2 Bb7 4.O-O c5 5.c4 e6 6.b3 d6 7.Bb2 Be7 8.e3 O-O 9.d4 Nbd7
10.d5 exd5 11.Nh4 Ne4 12.cxd5 Bxh4 13.Bxe4 Bf6 14.Nc3 Ba6 15.Re1 b5 16.Qc2 h6
17.a3 Qb6 18.Bg2 Rac8 19.h3 b4 20.Na4 Qb7 21.Bxf6 Nxf6 22.Nb2 Nd7 23.Qd2 bxa3
24.Rxa3 Bb5 25.Rea1 a6 26.Nc4 Bxc4 27.bxc4 Ne5 28.Qc2 Ra8 29.f4 Nd7 30.e4 Rfe8
31.Kh2 Ra7 32.Ra5 f5 33.exf5 Nf6 34.R5a3 Qc8 35.g4 Rae7 36.Rxa6 Qb7 37.Qb1 Qd7
38.Qb5 Qd8 39.Qb6 Rc7 40.Ra8 Qe7 41.Rxe8+ Nxe8 42.Ra8 Kf7 43.Qb3 Rb7 44.Qc2 Qe3
45.Qe4 Qxe4 46.Bxe4 Rb4 47.g5 hxg5 48.fxg5 Rxc4 49.Bf3 g6 50.fxg6+ Ke7 51.Ra7+ Kf8
52.Bg4 Rd4 53.Rf7+ Kg8 54.Be6 Ng7 55.Kg3 c4 56.Rf4+  1-0

[Event "Dieren op"]
[Site "Dieren"]
[Date "1989.??.??"]
[Round "3"]
[White "Vanheste, Jeroen"]
[Black "Krudde, Fitzgerald"]
[Result "0-1"]
[WhiteElo "2410"]
[BlackElo "2270"]

1.Nf3 c5 2.c4 Nf6 3.g3 b6 4.Bg2 Bb7 5.O-O e6 6.Nc3 Be7 7.d4 cxd4 8.Qxd4 d6
9.b3 Nbd7 10.Bb2 O-O 11.Qe3 a6 12.Rfd1 Qc7 13.Rac1 Rfe8 14.Nd4 Bxg2 15.Kxg2 Bf8
16.Qd2 Qb7+ 17.f3 Rac8 18.Nc2 Rc7 19.e4 Rec8 20.Qe2 Ne5 21.Ne3 Ned7 22.h3 Qa8
23.Ng4 Qb7 24.Kh2 Be7 25.Nf2 Bf8 26.f4 Rc5 27.Nd3 R5c7 28.Nf2 Rc5 29.Nd3 R5c7
30.e5 Ne8 31.Ne4 dxe5 32.Nxe5 Ndf6 33.Ng5 Nd6 34.Qc2 h6 35.Ngf3 b5 36.Ba3 Nf5
37.Bxf8 Kxf8 38.Re1 bxc4 39.bxc4 Qb4 40.g4 Nd6 41.g5 Ng8 42.g6 Nxc4 43.Qe4 Nf6
44.Qd4 Nd5 45.Nxf7 Qa3 46.Nh4 Nce3 47.Rxc7 Rxc7 48.Nf3 Qxa2+ 49.Nd2 Rc2 50.Re2 Nf1+
51.Nxf1 Rxe2+ 52.Kh1 Qa3  0-1

[Event "Dortmund-B"]
[Site "Dortmund"]
[Date "1989.??.??"]
[Round "?"]
[White "Klinger, Josef"]
[Black "Wahls, Matthias"]
[Result "0-1"]
[WhiteElo "2475"]
[BlackElo "2515"]

1.Nf3 Nf6 2.c4 c5 3.g3 b6 4.Bg2 Bb7 5.O-O e6 6.Nc3 a6 7.b3 d6 8.d4 cxd4 9.Qxd4 Nbd7
10.Ng5 Bxg2 11.Kxg2 Qc7 12.Rd1 Be7 13.Bb2 O-O 14.Nge4 Rfd8 15.f3 Ne8 16.Qe3 Qb7
17.a4 Rac8 18.Nd2 h6 19.Qe4 Qb8 20.f4 Bf6 21.Qf3 Rc7 22.Rab1 Rdc8 23.Nde4 Be7
24.Ba1 Nc5 25.Nf2 Nd7 26.g4 Nc5 27.e3 Nd7 28.Rbc1 Nf8 29.h3 Ng6 30.Kh2 Nh4
31.Qg3 Qb7 32.Nfe4 b5 33.axb5 axb5 34.cxb5 d5 35.Nd2 Nd6 36.b6 Qxb6 37.Na4 Qb5
38.Nc3 Rxc3 39.Bxc3 Qe2+ 40.Kg1 Rxc3 41.Qf2 Qxe3 42.Qxe3 Rxe3  0-1

[Event "Dortmund op"]
[Site "Dortmund"]
[Date "1989.??.??"]
[Round "5"]
[White "Padevsky, Nikola"]
[Black "Raicevic, Ivica"]
[Result "1/2-1/2"]
[WhiteElo "2435"]
[BlackElo "2290"]

1.c4 e6 2.Nf3 b6 3.g3 c5 4.Bg2 Bb7 5.O-O Nf6 6.b3 d6 7.Bb2 Be7 8.Qc2 Nbd7
9.Nc3 a6 10.e3 Rc8 11.Rad1 O-O 12.a4 Rc7 13.d3 d5 14.e4 d4 15.Ne2 Bc6 16.Nd2 Ng4
17.h3 Nge5 18.f4 Ng6 19.e5 Qa8 20.Bxc6 Qxc6 21.Kh2 f5 22.exf6 Nxf6 23.Ne4 Rd7
24.Nxf6+ Rxf6 25.Ng1 Bd6 26.Qg2 Qxg2+ 27.Kxg2 Rdf7 28.Bc1 e5 29.fxe5 Bxe5
30.Rxf6 Bxf6 31.Nf3 Rb7 32.Ba3 Re7 33.Re1 Rxe1 34.Nxe1 Ne5 35.Bc1 g5 36.Kf2 Kf7
37.Ke2 Ke6 38.Nf3 Nf7 39.g4 h6 40.a5 bxa5 41.Ba3 Be7 42.Nd2 Ne5 43.Ne4 Nd7  1/2-1/2

[Event "FRA-chT"]
[Site "?"]
[Date "1989.??.??"]
[Round "?"]
[White "Valenti, Richard"]
[Black "Adrian, Claude"]
[Result "0-1"]
[WhiteElo "2150"]
[BlackElo "2270"]

1.Nf3 c5 2.g3 b6 3.Bg2 Bb7 4.O-O e6 5.c4 Nf6 6.b3 Be7 7.Bb2 O-O 8.e3 d5 9.Qe2 Nbd7
10.d3 Qc7 11.Nbd2 Rad8 12.e4 dxe4 13.dxe4 e5 14.Rad1 Rfe8 15.Nh4 Nf8 16.f4 exf4
17.e5 Bxg2 18.Qxg2 Ng4 19.Nf5 Ne3 20.Nxe3 fxe3 21.Qf3 Bg5 22.Ne4 Ne6 23.Nd6 Rf8
24.h4 Be7 25.Nf5 Nd4 26.Nxd4 cxd4 27.Bxd4 Rxd4 28.Rxd4 Bc5 29.Qxe3 Re8 30.Rfd1 g6
31.Kh2 Bxd4 32.Rxd4 Rxe5 33.Rd8+ Qxd8 34.Qxe5 Qd2+ 35.Kh1 Qf2 36.Qb8+ Kg7
37.Qxa7 Qxg3 38.Qxb6 Qxh4+ 39.Kg2 Qe4+ 40.Kg3 h5 41.Qa5 Qe3+ 42.Kg2 h4 43.Qc7 g5
44.Qh2 Kg6 45.Qd6+ f6 46.c5 g4 47.Qd8 Qe2+ 48.Kg1 Qe1+ 49.Kh2 Qf2+ 50.Kh1 Qf1+
51.Kh2 g3+  0-1

[Event "FRA-chT"]
[Site "?"]
[Date "1989.??.??"]
[Round "?"]
[White "Roos, Daniel"]
[Black "Scholz, Guillermo"]
[Result "1/2-1/2"]
[WhiteElo "2370"]
[BlackElo "2355"]

1.Nf3 Nf6 2.g3 b6 3.Bg2 Bb7 4.O-O e6 5.c4 c5 6.Nc3 Be7 7.d4 cxd4 8.Qxd4 d6
9.Rd1 a6 10.Bg5 Nbd7 11.Rac1 O-O 12.Qd2 Qc7 13.Bf4 Ne8 14.b3 Rd8 15.Qc2 Nef6
16.e4 Nc5 17.Re1 Qc8 18.Rcd1 Qa8 19.Nh4 Qb8 20.Qe2 Rfe8 21.b4 Ncd7 22.Nf3 Rc8
23.Qd3 Ne5 24.Bxe5 dxe5 25.a3 a5 26.bxa5 bxa5 27.Nb5 Red8 28.Qc3 Rxd1 29.Rxd1 Nxe4
30.Qxe5 Bc5 31.Qxb8 Rxb8 32.Nfd4 Rd8 33.Re1 Bxd4 34.Bxe4 Bxe4 35.Rxe4 Bc5
36.Re5 Rc8 37.Kf1 Kf8 38.Ke2 Ke7 39.f3 Bg1 40.Rh5 Rxc4 41.Rxh7 Rc5 42.a4 Rc4
43.Rxg7 Bxh2 44.Rxf7+ Kd8 45.Rf8+ Ke7 46.Rf7+ Kd8 47.Rf8+  1/2-1/2

[Event "FRA-chT"]
[Site "?"]
[Date "1989.??.??"]
[Round "?"]
[White "Gozillon, P."]
[Black "Wavresky, Pierre"]
[Result "0-1"]
[WhiteElo "1900"]
[BlackElo "2060"]

1.Nf3 Nf6 2.g3 b6 3.Bg2 Bb7 4.c4 c5 5.O-O e6 6.Nc3 Be7 7.d4 cxd4 8.Qxd4 d6
9.Rd1 a6 10.b3 Nbd7 11.Bb2 O-O 12.Qd2 Qb8 13.e3 b5 14.cxb5 axb5 15.Nxb5 Bxf3
16.Bxf3 Qxb5 17.Bxa8 Rxa8 18.Qd3 Qh5 19.Kg2 Ng4 20.h3 Nge5 21.Qb5 Qf3+ 22.Kg1 Qe4
23.a4 Rb8 24.Qa6 Rxb3 25.Qc8+ Bf8 26.Bd4 Nf3+ 27.Kf1 Nxd4 28.Rxd4 Qh1+ 29.Ke2 Qxa1
30.Qxd7 Rb2+ 31.Kf3 Qf1 32.Rf4 Rxf2+ 33.Kg4 Rxf4+ 34.exf4 Qe2+ 35.Kh4 g6  0-1

[Event "Frankfurt"]
[Site "Frankfurt"]
[Date "1989.??.??"]
[Round "6"]
[White "Reschke, Stefan"]
[Black "Gipslis, Aivars"]
[Result "1/2-1/2"]
[WhiteElo "2330"]
[BlackElo "2485"]

1.Nf3 Nf6 2.c4 c5 3.g3 b6 4.Bg2 Bb7 5.O-O e6 6.b3 Be7 7.Bb2 O-O 8.d4 cxd4
9.Qxd4 d6 10.Nc3 a6 11.Rfd1 Nbd7 12.e4 Qc7 13.Ne1 Rad8 14.Nd3 Rfe8 15.Qe3 Bf8
16.Qf4 Qb8 17.Rd2 Qa8 18.Rad1 h6 19.g4 Nc5 20.Nxc5 bxc5 21.Rd3 e5 22.Qf3 Qc8
23.Bh3 Nh7 24.Bc1 Ng5 25.Bxg5 hxg5 26.Bf1 g6 27.Nd5 Bxd5 28.cxd5 Be7 29.Rc3 Qb7
30.Rc4 Ra8 31.Ra4 Reb8 32.Bd3 Kg7 33.Qe2 a5 34.Bc2 Bd8 35.Rd3 Qd7 36.Rc4 Rb4
37.Rg3 Qa7 38.a4 Rab8 39.Rgc3 R4b6 40.Qd1 Qe7 41.Rf3 Bc7 42.Rh3 Qd8 43.Qf3 Qe7
44.Qd1 Qd7 45.Qe2 Bd8 46.Qd1 Qc8 47.Kg2 R8b7 48.Rg3 Qb8 49.Rgc3 Rb4 50.Kg1  1/2-1/2

[Event "Geneve YM"]
[Site "Geneve"]
[Date "1989.??.??"]
[Round "?"]
[White "Maric, Alisa"]
[Black "Skembris, Spyridon"]
[Result "1/2-1/2"]
[WhiteElo "2355"]
[BlackElo "2420"]

1.Nf3 Nf6 2.c4 b6 3.g3 Bb7 4.Bg2 e6 5.O-O c5 6.Nc3 Be7 7.d4 cxd4 8.Qxd4 O-O
9.Rd1 Qc8 10.b3 d5 11.cxd5 Bc5 12.Qh4 exd5 13.Bb2 Nbd7 14.Rac1 Qe8 15.b4 Be7
16.Qd4 Rc8 17.Nb5 a6 18.Rxc8 Qxc8 19.Rc1 Qd8 20.Nc3 Re8 21.e3 Bd6 22.e4 dxe4
23.Nxe4 Bxe4 24.Qxd6 Qa8 25.Nh4 Bxg2 26.Nxg2 Re6 27.Qd4 b5 28.Nf4 Re8 29.Nh5 Re6
30.Nxg7 Kxg7 31.Qxd7 Qf3 32.Bxf6+ Qxf6 33.Rd1 h5 34.Qd3  1/2-1/2